[Event "4NCL (GBR-chT 9394)"]
[Site "Maidstone"]
[Date "1994.05.08"]
[Round "10.2"]
[White "Flear, Glenn C"]
[Black "Emms, John"]
[Result "1/2-1/2"]
[WhiteElo "2500"]
[BlackElo "2455"]
[PlyCount "74"]
[EventDate "1994.05.08"]
[EventType "team"]
[EventCountry "ENG"]
[WhiteTeam "Barbican"]
[BlackTeam "Invicta Knights"]
[WhiteTeamCountry "ENG"]
[BlackTeamCountry "ENG"]

1. d4 Nf6 2. c4 e6 3. Nc3 Bb4 4. Qc2 d5 5. cxd5 exd5 6. Bg5 c5 7. dxc5 h6 8.
Bxf6 Qxf6 9. e3 Nc6 10. Nf3 O-O 11. Be2 d4 12. Nxd4 Nxd4 13. exd4 Qxd4 14. O-O
Qxc5 15. Rac1 Bxc3 16. Qxc3 Qxc3 17. Rxc3 Be6 18. Bf3 Rfc8 19. Rfc1 Rxc3 20.
Rxc3 Bxa2 21. Rc7 Rb8 22. h4 a5 23. Rxb7 Rxb7 24. Bxb7 Kf8 25. Kf1 Ke7 26. Ke2
Kd6 27. g3 Bd5 28. Ba6 Kc5 29. Kd3 Kb4 30. Kc2 g5 31. hxg5 hxg5 32. Bd3 f6 33.
Ba6 Bc6 34. Bd3 Bb5 35. Bxb5 Kxb5 36. Kb3 g4 37. Ka3 a4 1/2-1/2

[Event "4NCL (GBR-chT 9394)"]
[Site "Maidstone"]
[Date "1994.05.08"]
[Round "10.3"]
[White "Ward, Chris"]
[Black "Crouch, Colin"]
[Result "1-0"]
[WhiteElo "2460"]
[BlackElo "2415"]
[PlyCount "55"]
[EventDate "1994.05.08"]
[EventType "team"]
[EventCountry "ENG"]
[WhiteTeam "Invicta Knights"]
[BlackTeam "Barbican"]
[WhiteTeamCountry "ENG"]
[BlackTeamCountry "ENG"]

1. d4 d5 2. c4 c6 3. Nc3 Nf6 4. e3 g6 5. Nf3 Bg7 6. Be2 O-O 7. O-O Bg4 8. b3
Nbd7 9. h3 Bxf3 10. Bxf3 e6 11. Qc2 Rc8 12. Rd1 b5 13. a4 b4 14. Na2 a5 15. Bb2
Ne8 16. Nc1 Nd6 17. Nd3 Qe7 18. cxd5 cxd5 19. Qe2 f5 20. Rac1 Ne4 21. Bxe4 dxe4
22. Nf4 g5 23. Nh5 Nf6 24. Rxc8 Rxc8 25. Nxg7 Kxg7 26. d5 Rc5 27. d6 Qf8 28. d7
1-0

[Event "4NCL (GBR-chT 9394)"]
[Site "Maidstone"]
[Date "1994.05.08"]
[Round "10.4"]
[White "Britton, Richard"]
[Black "Ivanov, Alex"]
[Result "0-1"]
[WhiteElo "2305"]
[BlackElo "2535"]
[PlyCount "90"]
[EventDate "1994.05.08"]
[EventType "team"]
[EventCountry "ENG"]
[WhiteTeam "Barbican"]
[BlackTeam "Invicta Knights"]
[WhiteTeamCountry "ENG"]
[BlackTeamCountry "ENG"]

1. e4 e5 2. Nf3 Nc6 3. Bb5 f5 4. Nc3 Nf6 5. Qe2 Bc5 6. exf5 Qe7 7. d3 Nd4 8.
Nxd4 Bxd4 9. O-O c6 10. Ba4 d5 11. Qf3 O-O 12. Be3 e4 13. dxe4 Bxc3 14. bxc3
Nxe4 15. Bb3 Bxf5 16. Rfe1 Be6 17. Qd1 Qf7 18. f3 Nxc3 19. Qd2 Nb5 20. Bc5 Rfe8
21. a4 Nc7 22. Qf2 b6 23. Bd6 Rad8 24. Qg3 Rd7 25. Rad1 h6 26. Rd2 Bf5 27. Be5
Rde7 28. Rde2 Kh7 29. Qf4 Ne6 30. Qd2 Nc5 31. Kf2 Qg6 32. Re3 Nd7 33. Bg3 Rxe3
34. Rxe3 Rxe3 35. Kxe3 Nc5 36. Kf2 Qf6 37. Qe3 Qb2 38. Be5 Nd3+ 39. Qxd3 Qxe5
40. Qa6 Qxh2 41. Qxa7 Bh3 42. Qxb6 Qxg2+ 43. Ke1 Qxf3 44. a5 Qc3+ 45. Kf2 d4
0-1

[Event "4NCL (GBR-chT 9394)"]
[Site "Maidstone"]
[Date "1994.05.08"]
[Round "10.5"]
[White "McDonald, Neil"]
[Black "Lalic, Susan"]
[Result "1-0"]
[WhiteElo "2395"]
[BlackElo "2335"]
[PlyCount "61"]
[EventDate "1994.05.08"]
[EventType "team"]
[EventCountry "ENG"]
[WhiteTeam "Invicta Knights"]
[BlackTeam "Barbican"]
[WhiteTeamCountry "ENG"]
[BlackTeamCountry "ENG"]

1. e4 d5 2. exd5 Nf6 3. Nf3 Nxd5 4. d4 Bg4 5. Be2 c6 6. O-O e6 7. Ne5 Bxe2 8.
Qxe2 Nd7 9. Re1 Be7 10. c4 N5f6 11. Nc3 O-O 12. Bg5 Nxe5 13. dxe5 Nd7 14. Bxe7
Qxe7 15. Rad1 Rfd8 16. b3 Qb4 17. Qe3 Nf8 18. Ne4 Ng6 19. Nd6 Rd7 20. Re2 f6
21. Red2 fxe5 22. Ne4 Rxd2 23. Rxd2 a5 24. h4 a4 25. h5 Nf8 26. h6 Qe7 27. hxg7
Qxg7 28. b4 a3 29. Rd3 Ng6 30. Rd7 Qf8 31. Qh3 1-0

[Event "4NCL (GBR-chT 9394)"]
[Site "Maidstone"]
[Date "1994.05.08"]
[Round "10.6"]
[White "Pritchett, Craig"]
[Black "Morris, Philip"]
[Result "1/2-1/2"]
[WhiteElo "2360"]
[BlackElo "2380"]
[PlyCount "95"]
[EventDate "1994.05.08"]
[EventType "team"]
[EventCountry "ENG"]
[WhiteTeam "Barbican"]
[BlackTeam "Invicta Knights"]
[WhiteTeamCountry "ENG"]
[BlackTeamCountry "ENG"]

1. Nf3 c5 2. c4 Nf6 3. Nc3 e6 4. g3 b6 5. Bg2 Bb7 6. O-O a6 7. Re1 Be7 8. e4 d6
9. d4 cxd4 10. Nxd4 Qc7 11. Be3 O-O 12. Rc1 Nbd7 13. f4 Rfe8 14. f5 Bf8 15.
fxe6 fxe6 16. Bh3 Nc5 17. b4 Ncxe4 18. Nxe4 Nxe4 19. Nxe6 Qf7 20. Rf1 Nf6 21.
Nxf8 Rxe3 22. Nd7 Qg6 23. Nxf6+ gxf6 24. Qg4 Qxg4 25. Bxg4 Kf7 26. Rce1 Re5 27.
Rxe5 dxe5 28. Rd1 Be4 29. Rd7+ Kg6 30. Rd6 a5 31. b5 Rb8 32. Kf2 Bb1 33. a3 Kf7
34. Ke3 f5 35. Bf3 Ke7 36. Rh6 f4+ 37. gxf4 exf4+ 38. Kxf4 Rf8+ 39. Ke3 Bg6 40.
Be4 Rf6 41. Bxg6 hxg6 42. Rh7+ Kd6 43. Ke4 g5 44. Rb7 Rf4+ 45. Ke3 Rxc4 46.
Rxb6+ Kc5 47. Rg6 Kxb5 48. Rxg5+ 1/2-1/2

[Event "4NCL (GBR-chT 9394)"]
[Site "Maidstone"]
[Date "1994.05.08"]
[Round "10.7"]
[White "Dickenson, Neil"]
[Black "Lewis, Andrew P"]
[Result "1-0"]
[WhiteElo "2232"]
[BlackElo "2330"]
[PlyCount "81"]
[EventDate "1994.05.08"]
[EventType "team"]
[EventCountry "ENG"]
[WhiteTeam "Invicta Knights"]
[BlackTeam "Barbican"]
[WhiteTeamCountry "ENG"]
[BlackTeamCountry "ENG"]

1. b3 e5 2. Bb2 Nc6 3. e3 Nf6 4. c4 d5 5. cxd5 Nxd5 6. a3 Bd6 7. d3 Be6 8. Nf3
f5 9. Nbd2 O-O 10. Be2 Qf6 11. b4 a6 12. Rc1 Qg6 13. Rxc6 bxc6 14. Nxe5 Bxe5
15. Bxe5 f4 16. e4 f3 17. Bxf3 Nf4 18. Bxf4 Rxf4 19. g3 Rff8 20. O-O Rad8 21.
Qc2 Bh3 22. Re1 Qd6 23. Re3 Qe5 24. Nb3 Kh8 25. d4 Qg5 26. Qc3 Qf6 27. e5 Qf7
28. Nd2 h5 29. Ne4 Qf5 30. Bg2 Bxg2 31. Kxg2 h4 32. f3 h3+ 33. Kg1 Rd5 34. Nd2
a5 35. Re4 axb4 36. Qxc6 Rfd8 37. e6 Rxd4 38. e7 Rxd2 39. e8=Q+ Rxe8 40. Qxe8+
Kh7 41. Rh4+ 1-0

[Event "4NCL (GBR-chT 9394)"]
[Site "Maidstone"]
[Date "1994.05.08"]
[Round "10.8"]
[White "Byway, Paul"]
[Black "Hunt, Harriet"]
[Result "1/2-1/2"]
[WhiteElo "2295"]
[BlackElo "2135"]
[PlyCount "87"]
[EventDate "1994.05.08"]
[EventType "team"]
[EventCountry "ENG"]
[WhiteTeam "Barbican"]
[BlackTeam "Invicta Knights"]
[WhiteTeamCountry "ENG"]
[BlackTeamCountry "ENG"]

1. c4 e6 2. Nc3 d5 3. cxd5 exd5 4. d4 Nf6 5. Bg5 Be7 6. e3 c6 7. Bd3 Nbd7 8.
Nge2 O-O 9. O-O Re8 10. Rb1 a5 11. Qc2 Nf8 12. a3 g6 13. b4 Ne6 14. Bxf6 Bxf6
15. Na4 axb4 16. axb4 Bd7 17. b5 Qa5 18. bxc6 Bxc6 19. Nb6 Rab8 20. Qc3 Qxc3
21. Nxc3 Nc7 22. Be2 Rbd8 23. Bf3 Re6 24. Bg4 Ree8 25. Bf3 Re6 26. Rfc1 Bg7 27.
h3 f5 28. Rd1 Kf7 29. Ra1 Red6 30. Nba4 Ne6 31. Nb6 Nc7 32. Ra5 Ke6 33. Nba4
Na6 34. Be2 Nc7 35. Nc5+ Ke7 36. Rb1 Rb8 37. Ra7 Ne6 38. Nxe6 Kxe6 39. Bb5 f4
40. Ne2 fxe3 41. Nf4+ Kf5 42. fxe3 Bxb5 43. Rxb5 Bxd4 44. exd4 1/2-1/2

[Event "4NCL (GBR-chT 9394)"]
[Site "Maidstone"]
[Date "1994.05.08"]
[Round "10.1"]
[White "Law, Andrew"]
[Black "Summerscale, Aaron"]
[Result "1/2-1/2"]
[WhiteElo "2375"]
[BlackElo "2355"]
[PlyCount "59"]
[EventDate "1994.05.08"]
[EventType "team"]
[EventCountry "ENG"]
[WhiteTeam "Bristol"]
[BlackTeam "Slough"]
[WhiteTeamCountry "ENG"]
[BlackTeamCountry "ENG"]

1. d4 d5 2. c4 c6 3. Nf3 Nf6 4. Nc3 dxc4 5. a4 Bf5 6. e3 e6 7. Bxc4 Bb4 8. O-O
Nbd7 9. Qe2 Bg6 10. e4 Bxc3 11. bxc3 Nxe4 12. Ba3 Qc7 13. Rfc1 O-O-O 14. a5
Rhe8 15. a6 b6 16. Nh4 Nd6 17. Bb3 e5 18. Nxg6 fxg6 19. Qa2 Kb8 20. Rab1 Nf6
21. Ba4 Nf5 22. Bc5 e4 23. Bxb6 axb6 24. Rxb6+ Qxb6 25. Rb1 Ka7 26. Rxb6 Kxb6
27. Qb3+ Kxa6 28. Bxc6 Rb8 29. Qa3+ Kb6 30. Qc5+ 1/2-1/2

[Event "4NCL (GBR-chT 9394)"]
[Site "Maidstone"]
[Date "1994.05.08"]
[Round "10.2"]
[White "Cummings, David"]
[Black "Ansell, Simon T"]
[Result "1-0"]
[WhiteElo "2376"]
[BlackElo "2290"]
[PlyCount "101"]
[EventDate "1994.05.08"]
[EventType "team"]
[EventCountry "ENG"]
[WhiteTeam "Slough"]
[BlackTeam "Bristol"]
[WhiteTeamCountry "ENG"]
[BlackTeamCountry "ENG"]

1. d4 Nf6 2. c4 c5 3. d5 b5 4. cxb5 a6 5. Nc3 Qa5 6. Bd2 axb5 7. e4 b4 8. e5
bxc3 9. Bxc3 Qa4 10. exf6 Qxd1+ 11. Kxd1 gxf6 12. Nf3 d6 13. Bb5+ Bd7 14. Bc4
Rg8 15. Rg1 Bg4 16. Ke2 Na6 17. h3 Bd7 18. g4 Nc7 19. a4 e6 20. dxe6 fxe6 21.
Bxf6 Bxa4 22. b3 Bc6 23. Rxa8+ Bxa8 24. Ra1 Bxf3+ 25. Kxf3 Bg7 26. Ra7 Rf8 27.
Rxc7 Rxf6+ 28. Kg2 Rf7 29. Bb5+ Kf8 30. Rc8+ Ke7 31. Bd3 h6 32. Bg6 Rf8 33.
Rc7+ Kf6 34. Bh5 Bh8 35. h4 Ke5 36. Rh7 Bf6 37. Kg3 Rb8 38. Rxh6 Rxb3+ 39. f3
c4 40. g5 Bg7 41. Rh7 Rb7 42. Bg6 Kd4 43. h5 Ke3 44. f4 e5 45. h6 exf4+ 46. Kg4
f3 47. hxg7 Rb8 48. Rh3 Rg8 49. Rxf3+ Kd2 50. Rf7 c3 51. Rc7 1-0

[Event "4NCL (GBR-chT 9394)"]
[Site "Maidstone"]
[Date "1994.05.08"]
[Round "10.3"]
[White "Baker, Chris"]
[Black "Richardson, John"]
[Result "0-1"]
[WhiteElo "2260"]
[BlackElo "2288"]
[PlyCount "96"]
[EventDate "1994.05.08"]
[EventType "team"]
[EventCountry "ENG"]
[WhiteTeam "Bristol"]
[BlackTeam "Slough"]
[WhiteTeamCountry "ENG"]
[BlackTeamCountry "ENG"]

1. e4 e5 2. Nf3 Nc6 3. Bb5 Nge7 4. O-O g6 5. c3 d6 6. d4 Bd7 7. Bg5 Bg7 8. Na3
f6 9. Be3 O-O 10. dxe5 Nxe5 11. Nd4 c6 12. Be2 d5 13. Qb3 Kh8 14. Rad1 Qc8 15.
exd5 Nxd5 16. Bc1 Bg4 17. f3 Bd7 18. c4 Nc7 19. f4 Ng4 20. c5 f5 21. h3 Nf6 22.
Nc4 Ne4 23. Nd6 Nxd6 24. cxd6 Ne6 25. Be3 Re8 26. Nf3 Nxf4 27. Bc4 Ne6 28. Rfe1
b5 29. Bxe6 Bxe6 30. d7 Bxd7 31. Bd4 Be6 32. Bxg7+ Kxg7 33. Qc3+ Kg8 34. Qf6
Bd5 35. Nd4 Rxe1+ 36. Rxe1 Qf8 37. Qe5 Qf7 38. Qd6 Re8 39. Rxe8+ Qxe8 40. Kh2
a6 41. a3 Qe4 42. Nf3 Kg7 43. Qc7+ Kh6 44. Qb8 Qe3 45. Ne5 Qf2 46. Nf3 Bxf3 47.
Qf4+ g5 48. Qh4+ gxh4 0-1

[Event "4NCL (GBR-chT 9394)"]
[Site "Maidstone"]
[Date "1994.05.08"]
[Round "10.4"]
[White "Houska, Miroslav"]
[Black "Beaumont, Chris"]
[Result "0-1"]
[WhiteElo "2300"]
[BlackElo "2365"]
[PlyCount "142"]
[EventDate "1994.05.08"]
[EventType "team"]
[EventCountry "ENG"]
[WhiteTeam "Slough"]
[BlackTeam "Bristol"]
[WhiteTeamCountry "ENG"]
[BlackTeamCountry "ENG"]

1. d4 g6 2. Nf3 Bg7 3. c4 Nf6 4. Nc3 O-O 5. e4 d6 6. Be2 e5 7. O-O exd4 8. Nxd4
Re8 9. f3 c6 10. Nb3 a5 11. a4 Nbd7 12. Kh1 Ne5 13. f4 Ned7 14. Bf3 Qb6 15. Qc2
Qb4 16. Be2 Nc5 17. Nxc5 Qxc5 18. h3 d5 19. e5 Bf5 20. Qb3 Ne4 21. Nxe4 Bxe4
22. Be3 Qb4 23. Qc3 f6 24. cxd5 Bxd5 25. Qc2 fxe5 26. Bc5 Qb3 27. Qxb3 Bxb3 28.
f5 gxf5 29. Rxf5 e4 30. Ra3 Bd5 31. Rg3 Kh8 32. Rh5 Bxb2 33. Rg4 Re5 34. Ba3
Bc3 35. Rh6 Rg8 36. Rgh4 Rg7 37. Bf8 Rf7 38. Bc5 Ref5 39. Bg1 Rg7 40. Rd6 Rgf7
41. Rg4 Be5 42. Rh6 Rg7 43. Bb6 Rxg4 44. hxg4 Rf8 45. Rh5 Bc3 46. Rh3 Bg7 47.
Kg1 Kg8 48. Bc5 Re8 49. Kf2 Be5 50. Ke3 Bc7 51. Rh5 Re5 52. Rh1 b6 53. Bd4 Re8
54. Rh5 Re7 55. Bb2 Rf7 56. Rg5+ Kf8 57. Ba3+ Ke8 58. Rg8+ Kd7 59. g5 Bd6 60.
Bg4+ Ke7 61. Bxd6+ Kxd6 62. Bh5 Re7 63. Rd8+ Kc5 64. g4 Rg7 65. Kf4 Bb3 66.
Kxe4 Rxg5 67. Kf4 Rg7 68. Kf5 Bxa4 69. Kf6 Ra7 70. Rd2 Bb3 71. g5 a4 0-1

[Event "4NCL (GBR-chT 9394)"]
[Site "Maidstone"]
[Date "1994.05.08"]
[Round "10.5"]
[White "Truran, Michael"]
[Black "Webb, Richard M"]
[Result "0-1"]
[WhiteElo "2272"]
[BlackElo "2280"]
[PlyCount "80"]
[EventDate "1994.05.08"]
[EventType "team"]
[EventCountry "ENG"]
[WhiteTeam "Bristol"]
[BlackTeam "Slough"]
[WhiteTeamCountry "ENG"]
[BlackTeamCountry "ENG"]

1. d4 Nf6 2. c4 g6 3. f3 d5 4. cxd5 Nxd5 5. e4 Nb6 6. Nc3 Bg7 7. Be3 O-O 8. f4
Nc6 9. d5 Na5 10. Bd4 e5 11. Bxe5 Bxe5 12. fxe5 Qh4+ 13. g3 Qe7 14. Qd4 c5 15.
d6 cxd4 16. dxe7 Re8 17. Nd5 Nxd5 18. exd5 Rxe7 19. b4 Bf5 20. h3 Rxe5+ 21. Kd1
Rae8 22. Kd2 Be4 23. Rh2 Rc8 24. Rc1 Rxc1 25. Kxc1 Bxd5 26. Re2 Nc4 27. Rxe5
Nxe5 28. a3 f5 29. h4 Kf7 30. Nh3 h6 31. Nf4 Be4 32. Kd2 g5 33. hxg5 hxg5 34.
Nh3 Kf6 35. Nf2 Nf3+ 36. Kc1 Ke5 37. Bc4 g4 38. Bb5 Ng5 39. Bd7 d3 40. Bc8 b6
0-1

[Event "4NCL (GBR-chT 9394)"]
[Site "Maidstone"]
[Date "1994.05.08"]
[Round "10.6"]
[White "Smith, Andrew P"]
[Black "Brooks, Philip"]
[Result "1-0"]
[WhiteElo "2290"]
[BlackElo "2192"]
[PlyCount "65"]
[EventDate "1994.05.08"]
[EventType "team"]
[EventCountry "ENG"]
[WhiteTeam "Slough"]
[BlackTeam "Bristol"]
[WhiteTeamCountry "ENG"]
[BlackTeamCountry "ENG"]

1. e4 c5 2. Nf3 e6 3. d4 cxd4 4. Nxd4 a6 5. Bd3 Nc6 6. Be3 Nge7 7. O-O Nxd4 8.
Bxd4 Nc6 9. Be3 Qc7 10. Nd2 Ne5 11. f4 Bc5 12. Qe2 Nxd3 13. cxd3 Qb6 14. Bxc5
Qxc5+ 15. Kh1 O-O 16. f5 f6 17. Rac1 Qb4 18. Nb3 b6 19. Rc7 Qd6 20. Rfc1 a5 21.
fxe6 Qxe6 22. Nd4 Qe5 23. Nf5 g6 24. d4 Qe6 25. d5 Qe5 26. Qg4 Kh8 27. Ng3 f5
28. exf5 gxf5 29. Qg5 Qxd5 30. Qe7 Bb7 31. Rxb7 Qxb7 32. Nh5 Rg8 33. Qf6+ 1-0

[Event "4NCL (GBR-chT 9394)"]
[Site "Maidstone"]
[Date "1994.05.08"]
[Round "10.7"]
[White "Mordue, A Tyson"]
[Black "Noyce, Robert"]
[Result "1/2-1/2"]
[WhiteElo "2240"]
[BlackElo "2230"]
[PlyCount "34"]
[EventDate "1994.05.08"]
[EventType "team"]
[EventCountry "ENG"]
[WhiteTeam "Bristol"]
[BlackTeam "Slough"]
[WhiteTeamCountry "ENG"]
[BlackTeamCountry "ENG"]

1. e4 g6 2. d4 Bg7 3. Nc3 c6 4. f4 d5 5. e5 h5 6. Nf3 Bg4 7. Be2 e6 8. Be3 Ne7
9. Qd2 Nd7 10. g3 Qa5 11. h3 Bxf3 12. Bxf3 O-O-O 13. Kf1 Nf5 14. Bf2 c5 15.
dxc5 d4 16. Ne4 Qxd2 17. Nxd2 Nxc5 1/2-1/2

[Event "4NCL (GBR-chT 9394)"]
[Site "Maidstone"]
[Date "1994.05.08"]
[Round "10.8"]
[White "Houska, Jovanka"]
[Black "Richmond, Jane"]
[Result "0-1"]
[WhiteElo "1872"]
[BlackElo "2056"]
[PlyCount "96"]
[EventDate "1994.05.08"]
[EventType "team"]
[EventCountry "ENG"]
[WhiteTeam "Slough"]
[BlackTeam "Bristol"]
[WhiteTeamCountry "ENG"]
[BlackTeamCountry "ENG"]

1. e4 e6 2. d4 d5 3. exd5 exd5 4. Nf3 Nf6 5. Be2 c5 6. c3 Nc6 7. O-O Be6 8. Be3
Qc7 9. dxc5 Ne4 10. Nd4 Bxc5 11. Nxe6 fxe6 12. Bxc5 Nxc5 13. b4 Ne4 14. Bg4 Nd8
15. Bxe6 Nxe6 16. Qxd5 Qc6 17. Qxc6+ bxc6 18. Re1 O-O-O 19. f3 N4g5 20. h4
Nxf3+ 21. gxf3 Nf4 22. Kh2 Rd3 23. Kg3 Rf8 24. Rf1 Nd5 25. a3 Ne3 26. Rf2 Rd1
27. Rfa2 Nc4 28. a4 Rd3 29. Rf2 Re8 30. Na3 Nd6 31. Kg2 Rxc3 32. b5 c5 33. Raa2
Nf5 34. h5 Re5 35. Nb1 Rc1 36. Nd2 Ne3+ 37. Kg3 Rxh5 38. Re2 Nd5 39. Re8+ Kc7
40. Rf8 Rg5+ 41. Kf2 Rcg1 42. Rf7+ Kd8 43. f4 R5g2+ 44. Kf3 Rg3+ 45. Kf2 R1g2+
46. Kf1 Ne3+ 47. Ke1 Rh3 48. Nf1 Rxa2 0-1

[Event "4NCL (GBR-chT 9394)"]
[Site "Maidstone"]
[Date "1994.05.08"]
[Round "10.1"]
[White "Littlewood, Paul"]
[Black "Quillan, Gary"]
[Result "0-1"]
[WhiteElo "2460"]
[BlackElo "2300"]
[PlyCount "88"]
[EventDate "1994.05.08"]
[EventType "team"]
[EventCountry "ENG"]
[WhiteTeam "Covent Garden"]
[BlackTeam "North West Eagles"]
[WhiteTeamCountry "ENG"]
[BlackTeamCountry "ENG"]

1. d4 Nf6 2. c4 c5 3. d5 e6 4. Nc3 exd5 5. cxd5 d6 6. e4 g6 7. Nf3 Bg7 8. Bg5
h6 9. Bh4 a6 10. Nd2 b5 11. Be2 O-O 12. O-O Re8 13. Qc2 Ra7 14. a4 b4 15. Nd1
g5 16. Bg3 Rae7 17. Ne3 Nxe4 18. Nxe4 Rxe4 19. Bd3 f5 20. Rae1 b3 21. Qb1 Qf6
22. Bxe4 Rxe4 23. f3 Rb4 24. Nd1 Bd7 25. Nc3 f4 26. Bf2 Bf5 27. Qd1 Nd7 28.
Re8+ Kh7 29. Rfe1 Ne5 30. R1xe5 dxe5 31. d6 Bd7 32. Re7 Qf5 33. Bxc5 Rc4 34.
Ne4 Rc2 35. Ba3 g4 36. Qd3 Kh8 37. Qxb3 Rc1+ 38. Kf2 gxf3 39. Qxf3 Rc2+ 40. Ke1
Bc6 41. Qd3 Bxe4 42. Re8+ Kh7 43. Qb3 Rc1+ 44. Kd2 Bd5 0-1

[Event "4NCL (GBR-chT 9394)"]
[Site "Maidstone"]
[Date "1994.05.08"]
[Round "10.2"]
[White "Lund, D Brett"]
[Black "Agnos, Demetrios"]
[Result "0-1"]
[WhiteElo "2270"]
[BlackElo "2430"]
[PlyCount "79"]
[EventDate "1994.05.08"]
[EventType "team"]
[EventCountry "ENG"]
[WhiteTeam "North West Eagles"]
[BlackTeam "Covent Garden"]
[WhiteTeamCountry "ENG"]
[BlackTeamCountry "ENG"]

1. g3 d5 2. Bg2 Nf6 3. f4 Bf5 4. d3 e6 5. Nc3 c6 6. Bd2 h6 7. e4 Bh7 8. Qe2 Bc5
9. Nf3 O-O 10. e5 Nfd7 11. g4 b5 12. h4 b4 13. Nd1 Be7 14. h5 c5 15. g5 c4 16.
dxc4 Nc5 17. cxd5 exd5 18. gxh6 gxh6 19. f5 Bxf5 20. Bxh6 Nc6 21. Bh3 Bxh3 22.
Rxh3 Kh8 23. Bxf8 Bxf8 24. h6 Ne6 25. Qh2 Qb6 26. Nf2 Qe3+ 27. Kf1 Rc8 28. Re1
Qb6 29. Nd3 Ne7 30. Rh5 Ng6 31. b3 Rc3 32. Ng5 Qc7 33. Nxe6 fxe6 34. Re2 Kh7
35. Rf2 Bc5 36. Re2 Bd4 37. Ke1 Rxd3 38. Rg5 Qc3+ 39. Kf1 Rf3+ 40. Kg2 0-1

[Event "4NCL (GBR-chT 9394)"]
[Site "Maidstone"]
[Date "1994.05.08"]
[Round "10.4"]
[White "Tebb, David"]
[Black "Povah, Nigel"]
[Result "1-0"]
[WhiteElo "2290"]
[BlackElo "2296"]
[PlyCount "51"]
[EventDate "1994.05.08"]
[EventType "team"]
[EventCountry "ENG"]
[WhiteTeam "North West Eagles"]
[BlackTeam "Covent Garden"]
[WhiteTeamCountry "ENG"]
[BlackTeamCountry "ENG"]

1. e4 c5 2. Nf3 e6 3. d4 cxd4 4. c3 dxc3 5. Nxc3 Nc6 6. Bc4 Nge7 7. Bg5 f6 8.
Be3 a6 9. O-O b5 10. Bb3 Ng6 11. Nd4 Bb7 12. Qh5 Nxd4 13. Bxd4 b4 14. Na4 Be7
15. Rae1 Bc6 16. f4 Rb8 17. f5 Qa5 18. e5 Bxa4 19. Bxa4 Qxa4 20. fxg6 b3 21.
gxh7+ Kd8 22. Bc3 f5 23. axb3 Rxb3 24. Qf7 Bc5+ 25. Kh1 Qh4 26. Qg8+ 1-0

[Event "4NCL (GBR-chT 9394)"]
[Site "Maidstone"]
[Date "1994.05.08"]
[Round "10.5"]
[White "Wall, Gavin"]
[Black "James, David"]
[Result "1-0"]
[WhiteElo "2295"]
[BlackElo "2255"]
[PlyCount "45"]
[EventDate "1994.05.08"]
[EventType "team"]
[EventCountry "ENG"]
[WhiteTeam "Covent Garden"]
[BlackTeam "North West Eagles"]
[WhiteTeamCountry "ENG"]
[BlackTeamCountry "ENG"]

1. d4 Nf6 2. Nf3 b6 3. Bg5 Ne4 4. Bh4 Ba6 5. Nbd2 Nxd2 6. Qxd2 d5 7. O-O-O Nd7
8. Qf4 h6 9. Bg3 Rc8 10. Ne5 Nf6 11. e4 Bxf1 12. Rhxf1 e6 13. Rfe1 dxe4 14. f3
exf3 15. d5 Bd6 16. Qa4+ Kf8 17. dxe6 Qe8 18. Nd7+ Kg8 19. Nxf6+ gxf6 20. Qg4+
Kh7 21. Qf5+ Kg7 22. Bh4 Be7 23. Qg4+ 1-0

[Event "4NCL (GBR-chT 9394)"]
[Site "Maidstone"]
[Date "1994.05.08"]
[Round "10.6"]
[White "Carr, S."]
[Black "Harley, Andrew"]
[Result "1/2-1/2"]
[WhiteElo "2184"]
[BlackElo "2315"]
[PlyCount "48"]
[EventDate "1994.05.08"]
[EventType "team"]
[EventCountry "ENG"]
[WhiteTeam "North West Eagles"]
[BlackTeam "Covent Garden"]
[WhiteTeamCountry "ENG"]
[BlackTeamCountry "ENG"]

1. d4 e6 2. Nf3 Nf6 3. Bg5 c5 4. e3 Nc6 5. Nbd2 cxd4 6. exd4 Be7 7. c3 b6 8.
Bd3 Bb7 9. Bxf6 Bxf6 10. Ne4 Be7 11. Qe2 Qc7 12. O-O O-O 13. Rfe1 Rac8 14. Ba6
Bxa6 15. Qxa6 Na5 16. Ned2 Rfe8 17. Qe2 d6 18. Rac1 Nc4 19. Nxc4 Qxc4 20. Qxc4
Rxc4 21. a3 d5 22. Ne5 Rc7 23. Nd3 Rec8 24. f4 g6 1/2-1/2

[Event "4NCL (GBR-chT 9394)"]
[Site "Maidstone"]
[Date "1994.05.08"]
[Round "10.7"]
[White "Franklin, Michael J"]
[Black "Dyce, Andrew"]
[Result "1/2-1/2"]
[WhiteElo "2275"]
[BlackElo "1904"]
[PlyCount "61"]
[EventDate "1994.05.08"]
[EventType "team"]
[EventCountry "ENG"]
[WhiteTeam "Covent Garden"]
[BlackTeam "North West Eagles"]
[WhiteTeamCountry "ENG"]
[BlackTeamCountry "ENG"]

1. d4 Nf6 2. Nf3 g6 3. Bf4 Bg7 4. e3 O-O 5. Nbd2 d6 6. Bc4 Nbd7 7. h3 Qe8 8.
Bh2 e5 9. dxe5 dxe5 10. e4 a6 11. b4 b5 12. Bd3 Qe7 13. c3 c5 14. a3 Ne8 15.
O-O c4 16. Bc2 Bb7 17. Re1 Nd6 18. Qe2 Rae8 19. a4 Qd8 20. axb5 axb5 21. Kh1
Qb6 22. Bg1 Qc7 23. Nh2 f5 24. f3 f4 25. Nhf1 g5 26. Ra5 Ra8 27. Rea1 Rxa5 28.
Rxa5 Bf6 29. Nb1 Bd8 30. Ra2 Qc6 31. Nbd2 1/2-1/2

[Event "4NCL (GBR-chT 9394)"]
[Site "Maidstone"]
[Date "1994.05.08"]
[Round "10.8"]
[White "Dyce, Abigail"]
[Black "Lauterbach, Ingrid"]
[Result "1/2-1/2"]
[WhiteElo "1704"]
[BlackElo "2120"]
[PlyCount "77"]
[EventDate "1994.05.08"]
[EventType "team"]
[EventCountry "ENG"]
[WhiteTeam "North West Eagles"]
[BlackTeam "Covent Garden"]
[WhiteTeamCountry "ENG"]
[BlackTeamCountry "ENG"]

1. d4 d6 2. Nf3 g6 3. Bg5 c5 4. e3 Bg7 5. Nbd2 Qa5 6. c3 Bg4 7. Qb3 Qb6 8. Qxb6
axb6 9. Be2 Nf6 10. O-O O-O 11. h3 Bxf3 12. Bxf3 Nc6 13. Nc4 b5 14. Nb6 Ra6 15.
Bxf6 Rxb6 16. Bxg7 Kxg7 17. dxc5 dxc5 18. Rfd1 Ra8 19. Rd5 c4 20. Rd7 Kf6 21.
Bxc6 bxc6 22. a3 Raa6 23. Rad1 c5 24. Rc7 Rd6 25. Rxd6+ exd6 26. Rb7 Ra5 27.
Rb6 Ke6 28. Kf1 h5 29. Ke2 f6 30. Kd1 Ke5 31. Ke2 Ke6 32. Rb7 Ke5 33. f3 f5 34.
f4+ Ke6 35. Kf3 Kd5 36. Rb6 Ke6 37. Rb7 Kd5 38. Rb6 Ke6 39. Rb7 1/2-1/2